| 000 | 00627nam a2200193 i 4500 | ||
|---|---|---|---|
| 001 | 56090 | ||
| 003 | ES-MaACL | ||
| 005 | 20230906163259.0 | ||
| 007 | t| | ||
| 008 | 031002s1946 sp ||||1| spa d | ||
| 100 | 1 |
_aDíaz-Plaja, Fernando, _d1918-2012 _944396 |
|
| 245 | 1 | 3 |
_aLa historia de España en la poesía _b: (desde el siglo XV) / _cFernando Díaz-Plaja. |
| 260 |
_aBarcelona : _bBarna, _c[1946] ( _fMarina) |
||
| 300 |
_a235 p. ; _c21 cm. |
||
| 490 | 1 |
_aColección histórica Laye ; _v4 |
|
| 830 | 0 |
_aColección histórica Laye ; _v4 _9182569 |
|
| 852 |
_aES-MaACL _jD-5603 _bR.28722 |
||
| 999 |
_c56090 _d56090 |
||